000 00933nam a2200277 4500
001 23236
003 BD-RjUL
005 20211209000916.0
008 140310s1969 enkab b 001 0 eng
020 _a052107102X
035 _a(BD-RjUL)23301
040 _aDLC
_cDLC
_dDLC
_dBD-RjUL
_beng
041 _aeng
082 0 0 _a330.9667
_bDIH 1969
100 1 _aDickson, Kwamina B.
_971623
245 1 2 _aA historical geography of Ghana /
_cKwamina B. Dickson.
260 _aLondon :
_bCambridge U.P.,
_cc1969.
300 _axiv, 379 p. :
_bill . ;
_c24 cm.
350 _a7/10/-
_a($23.50)
504 _aBibliography: p. 360-366. and index.
651 0 _aGhana
_xEconomic conditions.
_98846
856 4 2 _3Publisher description
_uhttp://www.loc.gov/catdir/enhancements/fy1302/69019375-d.html
856 4 1 _3Table of contents only
_uhttp://www.loc.gov/catdir/enhancements/fy1302/69019375-t.html
942 _2ddc
_cBK
999 _c23236
_d23236